000
00320nam a2200145Ia 4500
100
_a
Khurmi/R.S
942
_c
BK
654
_a
Physics
245
_a
A text book of Mechanical Technology
260
_b
S. Chand & co.
_a
New Delhi
_c
1987
082
_a
621.402
_b
KHU
300
_a
920
546
_a
ENGLISH
999
_c
28063
_d
28063